000 00582nam a2200181Ia 4500
003 GCL
008 140319s9999 xx 000 0 eng d
040 _aGCL /
_cGCL
082 0 4 _aP
_b300.5
_bH S
100 1 _aHUSSEIN, NASHAAT HASSAN
245 1 0 _aTHE SUB - CULTURE OF HASHISH USERS IN EGYPT: A DESCRIPTIVE ANALYTIC STUDY /
_cHUSSEIN, NASHAAT HASSAN
260 _a[S.N] :
_bAMERICAN UNIVERSITY IN CAIRO PRESS ،
_c1990
300 _a70
490 _aTHE WADSWORTH INTERNATIONAL DIMENSION OF BUSINESS
_v0
650 0 4 _aPERIODICALS
650 0 4 _aSOCIAL SCIENCE
942 _2ddc
_cCR
999 _c25851
_d25851